000 00803cam a22002535a 4500
001 18227248
005 20151102102254.0
008 140715t2014 nyua frb 001 0 eng d
020 _a9780071798327
020 _a0071798323
040 _aDLC
_beng
_cDLC
_dDLC
_dEG-ScBUE
082 0 4 _a621.3848
_222
_bRIC
100 1 _aRichards, M. A.
_q(Mark A.),
_d1952-
_938625
245 1 0 _aFundamentals of radar signal processing /
_cMark A. Richards.
250 _a2nd ed.
260 _aNew York :
_bMcGraw-Hill Education,
_cc.2014.
300 _axxxii, 618 p. :
_bill. ;
_c24 cm.
500 _aIndex : p. 607-618.
504 _aIncludes bibliographical references.
650 0 _aRadar.
_2BUEsh
_936954
650 7 _aSignal processing.
_2BUEsh
_936943
653 _bENGGEN
_cJune2015
_cNovember2015
942 _2ddc
999 _c19901
_d19873